|
|
|
|
| LEADER |
00000nam0a2200000 4500 |
| 001 |
285971 |
| 005 |
20231101235839.0 |
| 020 |
|
|
|a RU
|b 84-49703
|
| 035 |
|
|
|a (RuTPU)RU\TPU\book\310259
|
| 090 |
|
|
|a 285971
|
| 100 |
|
|
|a 20150302d1984 m y0rusy5003 ca
|
| 101 |
0 |
|
|a rus
|
| 102 |
|
|
|a RU
|
| 105 |
|
|
|a a j 000zy
|
| 200 |
1 |
|
|a Гаражи и стоянки
|e учебное пособие для вузов
|f В. В. Шештокас, В. П. Адомавичюс, П. В. Юшкявичюс
|
| 210 |
|
|
|a Москва
|c Стройиздат
|d 1984
|
| 215 |
|
|
|a 214 с.
|c ил.
|d 22 см
|
| 606 |
1 |
|
|a Автомобильные стоянки
|2 stltpush
|3 (RuTPU)RU\TPU\subj\1268
|9 30053
|
| 610 |
1 |
|
|a гаражи
|
| 610 |
1 |
|
|a размещение
|
| 610 |
1 |
|
|a потребности
|
| 610 |
1 |
|
|a время
|
| 610 |
1 |
|
|a ограничение
|
| 610 |
1 |
|
|a оборудование
|
| 610 |
1 |
|
|a организация
|
| 610 |
1 |
|
|a градостроительные проблемы
|
| 610 |
1 |
|
|a учебные пособия
|
| 675 |
|
|
|a 725.3(075.8)
|z rus
|v 4
|
| 700 |
|
1 |
|a Шештокас
|b В. В.
|g Вацловас-Витаутас Владо
|
| 701 |
|
1 |
|a Адомавичюс
|b В. П.
|g Витаутас Пияус
|
| 701 |
|
1 |
|a Юшкявичюс
|b П. В.
|g Пранас Владиславович
|
| 801 |
|
0 |
|a RU
|b RuMRKP
|c 19950704
|g psbo
|
| 801 |
|
1 |
|a RU
|b 63413507
|c 20150302
|
| 801 |
|
2 |
|a RU
|b 63413507
|c 20170627
|g RCR
|
| 942 |
|
|
|c BK
|